| 000 | 00874 a2200229 4500 | ||
|---|---|---|---|
| 020 | _a9780198566724 | ||
| 020 | _a0198566727 | ||
| 020 | _a9780198566731 | ||
| 020 | _a0198566735 | ||
| 040 |
_aDLC _bDLC |
||
| 082 | 0 | 0 | _a535.15 |
| 100 | 1 | _aFox, Mark | |
| 245 | 1 | 0 |
_aQuantum optics: an introduction _ban introduction _cMark Fox. |
| 260 |
_aOxford ; _aNew York : _bOxford University Press, _c2006. |
||
| 300 |
_axvii, 378 p. : _bill. ; _c26 cm. |
||
| 490 | 0 |
_aOxford master series in physics ; _v15 |
|
| 650 | 0 | _aQuantum optics. | |
| 856 | 4 | 1 |
_3Table of contents only _uhttp://www.loc.gov/catdir/toc/ecip0518/2005025707.html |
| 856 | 4 | 1 |
_3Publisher description _uhttp://www.loc.gov/catdir/enhancements/fy0637/2005025707-d.html |
| 856 | 4 | 1 |
_3Contributor biographical information _uhttp://www.loc.gov/catdir/enhancements/fy0724/2005025707-b.html |
| 942 |
_cBK _k535.15 FOX _2ddc |
||
| 999 |
_c7751 _d7751 |
||